00597 a2200145 4500020001500000040001300015082001000028100001900038245007100057260012200128300002700250651005300277651005600330710006500386 a969832903X aDLCbDLC a954.61 aHussain, Ijaz.10aKashmir dispute : an international law perspective cIjaz Hussain. aIslamabad :bQuaid-i Azam Chair, National Institute of Pakistan Studies, Quaid-i- Azam University, Islamabad,cc1998. axiii, 309 p. ;c23 cm. 0aJammu and Kashmir (India)xInternational status. 0aJammu and Kashmir (India)xPolitics and government.2 aNational Institute of Pakistan Studies.bQuaid-i-Azam Chair.